000 00764nam a2200289Ia 4500
005 20260324115237.0
008 008 260324s9999 xx 000 0 eng d
020 _a9781315150161
037 _aEBOOK
040 _aCRL
040 _beng
040 _cCRL
041 _2eng
041 _aeng
084 _qCRL
100 _aUlisses Manuel de Miranda Azeiteiro; J. Paulo Davim
_91153918
245 0 _aHigher Education and Sustainability
245 0 _bOpportunities and Challenges for Achieving Sustainable Development Goals
260 _bTaylor and Francis
260 _c2019
365 _a
365 _b240
856 _uhttp://www.taylorfrancis.com/books/9781315150161
942 _cEBOOK
999 _c1744650
_d1744650